Responses for Show #7173 - Wednesday, November 18, 2015

2015 Tournament of Champions semifinal game 3.

Contestants

[<< previous game]

Catherine Hardee, an aspiring teacher from Kinston, North Carolina

Andrew Haringer, a college instructor from Squamish, British Columbia, Canada

Matt Jackson, a paralegal from Washington, D.C.

[next game >>]

Jeopardy! Round responses

HISTORIA
SCIENCE TIMELINE
I'D LIKE TO MAKE IT A TRUE "D.D."
(Alex: "D.D." coming up in each correct response, of course.)
FOOD & DRINK
VIDEO GAME VILLAINS
NATIONAL PHRASES
    $200 4
Franco

Matt
    $200 24
eclipses

Andrew
    $200 25
due date

Andrew
    $200 22
red-eye

Catherine
    $200 30
Angry Birds

Catherine
    $200 20
the Greek alphabet

Catherine
    $400 5
Argentina

Matt
    $400 19
a magnet

Andrew
    $400 26
dishonorable discharge

Matt
    $400 23
blue cheese

Triple Stumper
    $400 29
Darth

Matt
    $400 21
"Norwegian Wood"

Andrew
    $600 6
Guam

Matt
    $600 9
a telescope

Catherine
    $600 13
degree of difficulty

Catherine
    $600 1
a Bellini

Catherine
    $600 12
Mario

Catherine
    $600 16
(Alex: Yes, even though you're an American!)

Canada geese

Andrew
    $800 7
Aragon

Andrew
    $800 10
earth, fire, air & water

Matt
    $800 14
doctorate of divinity

Matt
    $800 2
tapas

Andrew
    $800 28
Carmen Sandiego

Triple Stumper
    $800 17
Turkish delight

Andrew
    $1000 8
caudillo

Matt
    $1000 11
Doppler

Matt
    $1000 15
Dutch door

Catherine
    $1,000 3
(Alex: Andrew?)
(Andrew: What is shiraz?)

port

Andrew
    $1000 27
Portal

Catherine
    $1000 18
an Irish setter

Catherine

Scores at the first commercial break (after clue 15):

Matt Andrew Catherine
$4,800 $600 $3,400

Scores at the end of the Jeopardy! Round:

Matt Andrew Catherine
$5,600 $3,200 $6,000

Double Jeopardy! Round responses

PRESIDENTIAL MEDAL OF FREEDOM RECIPIENTS
WHAT'S THE WORD?
ORGANIZATIONS
RARELY QUOTED SHAKESPEARE LINES
(Alex: You have to identify the play for us.)
WORLD CITIES
SHOW TUNES
    $400 29
(Colin) Powell

Matt
    $400 28
great-nephew

Catherine
    $400 30
the DAR (Daughters of the American Revolution)

Andrew
    $400 27
The Tempest

Andrew
    $400 26
São Paulo

Matt
    $400 25
Cabaret

Matt
    $800 19
Ethel Kennedy

Triple Stumper
    $800 20
sphere

Matt
    $800 21
NOW (National Organization for Women)

Matt
    $800 22
Macbeth

Andrew
    $800 23
guilds

Andrew
    $800 24
Oliver!

Matt
    $1200 18
(Desmond) Tutu

Matt
    $1200 8
Yucatán

Andrew
    $1200 9
Greenpeace

Catherine
    $1200 2
King Lear

Matt
    $1200 10
(Andrew: What is Victoria?)

Queensland

AndrewCatherine
    $1200 5
Les Misérables

Andrew
    $1600 6
Havel

Andrew
    $1600 7
floret

Catherine
    $1600 15
the WWF (World Wildlife Fund)

Matt
    $1600 3
Romeo and Juliet

Andrew
    $1600 1
Indonesia

Matt
    $1600 4
(Andrew: What is Hello, Dolly!?)

Funny Girl

MattAndrew
    $2000 12
(Katharine) Graham

Matt
    $2000 17
draconian laws

Andrew
    $2000 16
Parents Without Partners

Triple Stumper
    $2000 14
The Comedy of Errors

Matt
    $4,000 11
(Catherine: What is Cologne?)

Heidelberg

Catherine
    $8,000 13
(Matt: [Uncovering the Daily Double] Yes!)
...
(Matt: [Responding correctly] [Pounds hands together, pumps fist in the air] Yes!)

"Defying Gravity"

Matt

Scores at the end of the Double Jeopardy! Round:

Matt Andrew Catherine
$28,400 $10,400 $6,400
(lock game)

[wagering suggestions for these scores]

Final Jeopardy! Round responses

SPACE EXPLORATION
(Alex Trebek: [To Matt] And did you risk anything? You didn't have to. No, a little smiley face. Okay, you're a finalist. You get to play for $250,000 starting tomorrow. Come on over here, Matt. And you know, of course, the two players you're going to be facing starting tomorrow. Here they are.)
(Kerry: Kerry Greene, Manchester, New Hampshire.)
(Alex Jacob: Alex Jacob, Chicago, Illinois.)
CatherineWhat is Kazakhstan?
$0
AndrewWhat is Ukraine?
$2,401
MattWhat is Kazakhstan (hi Matt B.)
$0
Kazakhstan

Final scores:

Matt Andrew Catherine
$28,400 $7,999 $6,400
Finalist 2nd place: $10,000 3rd place: $10,000

Game dynamics:

Coryat scores:

Matt Andrew Catherine
$22,400 $11,400 $10,400
23 R
(including 1 DD),
0 W
17 R,
3 W
(including 1 DD)
14 R,
1 W
(including 1 DD)

Combined Coryat: $44,200

[game clues] [game scores] [suggest correction]

Game tape date: 2015-10-14
The J! Archive is created by fans, for fans. Scraping, republication, monetization, and malicious use prohibited; this site may use cookies and collect identifying information. See terms. The Jeopardy! game show and all elements thereof, including but not limited to copyright and trademark thereto, are the property of Jeopardy Productions, Inc. and are protected under law. This website is not affiliated with, sponsored by, or operated by Jeopardy Productions, Inc. Join the discussion at JBoard.tv.